Quizzes
Events
Quiz Creation
Community
Videos
Private Events
Remove Ads
Sign In
Join for FREE
Feedback
Dark Mode
Quiz Categories
Sports
Geography
Music
Movies
Television
Just For Fun
Miscellaneous
History
Literature
Language
Science
Gaming
Entertainment
Religion
Holiday
For Kids
Quiz Lab
Recent
Popular Today
Quiz Kudos Today
Editor Picks
Curator Picks
Quizzes by...
Day
Popularity
Type
Ratings
Length
Year
Community
Subscriptions
Recent Discussions
Orange Saloon
Badges
Playlists
Quests
Create
Leaderboards
Showdown
Live 5
Trivia Bingo
Activity
Puzzle Library
Sporcle Events
Private Events
Virtual Trivia
Globe League
Become a Host
Pub Owners
SporcleCon
Opinionation
Our Games
Videos
Blog
Mobile Apps
Partnerships
Remove Ads and Go Orange
Feedback
Geography
Country
Landmarks
City
State
Population
World
Capital
Continent
Flags
Europe
Africa
Asia
South America
North America
Oceania
Border
Canada
United Kingdom
Topography
United States
Geography
Country
Landmarks
City
State
Population
World
Capital
Continent
Flags
Europe
Africa
Asia
South America
North America
Oceania
Border
Canada
United Kingdom
Topography
United States
Random Quiz
Search Sporcle
×
Quiz Lab
Quiz Lab
Geography
Country
Type in answers that appear in a list
Type in answers that appear in a list
Classic
Best Score? Go Orange.
European Union Council Presidents Stats
Can you name the European Union Council Presidents ?
By
Roman
8m
105 Questions
17 Plays
17 Plays
17 Plays
Comments
Comments
Give Quiz Kudos
Give Quiz Kudos
-
- Ratings
hide this ad
Forced Order
Answers have to be entered in order
Answers have to be entered in order
Replay
Link that replays current quiz
Next Quiz
Link to next quiz in quiz playlist
You Got
0%
They Got
Avg Score
51%
Avg Friend Score
Upgrade to see
Score Distribution
Jump to the score distribution portion of the page
Score
0/105
Timer
08:00
0
Plays Today
Months and Year
Country
% Correct
January-
June 1958
Belgium
82.4%
July-
December 1958
West Germany
82.4%
January -
June 1959
France
82.4%
July-
December 1959
Italy
76.5%
July-
December 1960
Netherlands
76.5%
January-
June 1962
France
76.5%
July-
December 1963
Netherlands
76.5%
January-
June 1965
France
76.5%
July-
December 1966
Netherlands
76.5%
January-
June 1968
France
76.5%
July-
December 1969
Netherlands
76.5%
January-
June 1971
France
76.5%
July-
December 1972
Netherlands
76.5%
January-
June 1960
Luxembourg
70.6%
January-
June 1961
Belgium
70.6%
July-
December 1961
West Germany
70.6%
July-
December 1962
Italy
70.6%
January-
June 1963
Luxembourg
70.6%
January-
June 1964
Belgium
70.6%
July-
December 1964
West Germany
70.6%
January-
June 1966
Luxembourg
70.6%
July-
December 1965
Italy
70.6%
January-
June 1967
Belgium
70.6%
July-
December 1967
West Germany
70.6%
January-
December 1968
Italy
70.6%
January-
June 1969
Luxembourg
70.6%
January-
June 1970
Belgium
70.6%
July-
December 1970
West Germany
70.6%
July-
December 1971
Italy
70.6%
January-
June 1972
Luxembourg
70.6%
January-
June 1973
Belgium
70.6%
July-
December 1974
France
64.7%
July-
December 1976
Netherlands
64.7%
July-
December 1973
Denmark
58.8%
January-
June 1974
West Germany
58.8%
Months and Year
Country
% Correct
January-
June 1975
Ireland
58.8%
July-
December 1975
Italy
58.8%
January-
June 1976
Luxembourg
58.8%
January-
June 1979
France
58.8%
January-
June 1981
Netherlands
58.8%
January-
June 1984
France
58.8%
January-
June 1977
United Kingdom
52.9%
July-
December 1977
Belgium
52.9%
January-
June 1978
Denmark
52.9%
July-
December 1978
West Germany
52.9%
July-
December 1979
Ireland
52.9%
July-
December 1980
Luxembourg
52.9%
January-
June 1980
Italy
52.9%
July-
December 1981
United Kingdom
52.9%
January-
June 1982
Belgium
52.9%
January-
June 1983
West Germany
52.9%
July-
December 1982
Denmark
52.9%
July-
December 1983
Greece
52.9%
July-
December 1984
Ireland
52.9%
January-
June 1986
Netherlands
52.9%
July-
December 1989
France
52.9%
July-
December 1991
Netherlands
52.9%
July-
December 1992
United Kingdom
52.9%
January-
June 1995
France
52.9%
January-
June 1985
Italy
47.1%
July-
December 1985
Luxembourg
47.1%
July-
December 1986
United Kingdom
47.1%
January-
June 1987
Belgium
47.1%
July-
December 1987
Denmark
47.1%
January-
June 1988
West Germany
47.1%
July-
December 1988
Greece
47.1%
January-
June 1989
Spain
47.1%
January-
June 1990
Ireland
47.1%
July-
December 1990
Italy
47.1%
January-
June 1991
Luxembourg
47.1%
Months and Year
Country
% Correct
January-
June 1992
Portugal
47.1%
July-
December 1993
Belgium
47.1%
January-
June 1996
Italy
47.1%
January-
June 1998
United Kingdom
47.1%
January-
June 1993
Denmark
41.2%
January-
June 1994
Greece
41.2%
July-
December 1994
Germany
41.2%
July-
December 1995
Spain
41.2%
June-
December 1996
Ireland
41.2%
January-
June 1997
Netherlands
41.2%
July-
December 1998
Austria
41.2%
July-
December 1997
Luxembourg
35.3%
January-
June 2000
Portugal
35.3%
July-
December 2000
France
35.3%
January-
June 1999
Germany
29.4%
July-
December 1999
Finland
29.4%
January-
June 2001
Sweden
29.4%
July-
December 2001
Belgium
29.4%
January-
June 2002
Spain
29.4%
July-
December 2004
Netherlands
29.4%
July-
December 2002
Denmark
23.5%
January-
June 2003
Greece
23.5%
July-
December 2003
Italy
23.5%
January-
June 2004
Ireland
23.5%
July-
December 2005
United Kingdom
23.5%
January-
June 2005
Luxembourg
23.5%
July-
December 2009
Sweden
23.5%
January-
June 2006
Austria
17.6%
July-
December 2006
Finland
17.6%
January-
June 2007
Germany
17.6%
July-
December 2007
Portugal
17.6%
July-
December 2008
France
17.6%
January-
June 2009
Czech Republic
17.6%
January 2010-
Spain
17.6%
January-
June 2008
Slovenia
11.8%
Quiz Playlist
Details
Report
Send in Message
Add To Playlist
Classic:
Type in answers that appear in a list
Forced Order:
Answers have to be entered in order
Quiz Source
Last Updated: Feb 16, 2017
Quiz Scoreboard
CHALLENGE
Sign Up to Join the Scoreboard
Show All
Scores
Hide
Comments
May contain spoilers
Recently Published
An Introduction to Baseball
by treessimontrees
Sports
5m
Movies - When Are They Set?
by FPL_Elf
Movies
5m
Popular People in 1961
by mucciniale
History
6m
More to Explore
Quiz From the Vault
Featured Blog Post
Where Did the Easter Bunny Come From?
hide this ad
You Might Also Like...
Tags
Country Quiz
Europe Quiz
US Presidents Quiz
council
European Union
month
President
union
Today's Top Quizzes in Geography
Browse Geography
hide this ad
Today's Top Quizzes in Country
Browse Country
Top Contributed Quizzes in Geography
1
Countries of the World - No Outlines Minefield
2
Top 25 Cities of France on a map
3
Any capital of a 'B' country per Continent
4
Closest Countries to UK A-Z
5
One Thing in Common: United Kingdom
6
Any capital of a 'C' country per Continent
7
Find the Provinces of Canada - No Outlines Minefield
8
Any capital of a 'D' country per Continent
9
Find the US States - No Outlines
10
Blind Secret Country CLXXXVIII
Explore More
Trending Topics
Crossword
NBA
Disney
Marvel
Harry Potter
Kpop
Anime
Pokémon
The Office
Puzzle
Song
NFL
Soccer
WWE
Country
hide this ad
More By:
Roman
Quiz
Plays
Rating
Category
Featured
Created
Most Developed Countries
165,767
4.42
Geography
Dec 1, 2009
US Largest Cities (1910)
140,107
4.61
Geography
Nov 11, 2009
US Largest Cities (1920)
129,943
4.62
Geography
Dec 1, 2009
US Largest Cities (1960)
100,915
4.61
Geography
Jan 5, 2010
Sahara Countries
26,701
4.61
Geography
Nov 4, 2009
Go to Creator's Profile
Score Distribution
Quiz Creator Spotlight
Roman
Follow
Send a Message
Quizzes Created
-
Created Quiz Play Count
-
More By This Creator
Popular Quizzes Today
1
Find the Countries of Europe - No Outlines Minefield
2
Find the US States - No Outlines Minefield
3
The Countries of the World
4
Popular People in 1961
5
Find the US States
6
US States
7
1-10 Letter E Words III
8
Risky Map Clicking: Biggest States A-Z
More Geography Quizzes
World Cuisine 4: Iran
Quiz Lab
Trending Quizzes
Risky Map Clicking: Least Populous States A-Z
1-10 Letter F Words
1-10 Letter G Words
Not Quite an Element Typing Challenge
One Thing in Common: United Kingdom
Recently Updated
Leaping Animals
pecheneg
Reality TV Shows (A-Z)
bhenderson79
Rickey Henderson's Hall of Fame Teammates
pecheneg
Champions League XIs: Arsenal
pecheneg
Quick Pick: Celebrities in WWE's Hall of Fame
aduchscher
A-Z Keypad Blitz II
pecheneg
Multiple Oscar Actors
pecheneg
Mystery Phrase Blitz: Oscar 'Best Actors'
pecheneg
F. Scott Fitzgerald Novels
LTH
Pick 3 Villains
ddd62291
Trending Topics
NBA
Crossword
Marvel
Disney
Anime
Harry Potter
Kpop
The Office
NFL
Pokémon
Song
Soccer
Puzzle
Country
WWE
Your Account Isn't Verified!
In order to create a playlist on Sporcle, you need to verify the email address you used during registration. Go to your
Sporcle Settings
to finish the process.
Report this User
Report this user for behavior that violates our
Community Guidelines
.
Details:
Send Report
Go to the Sporcle.com Mobile Site →
Comments